[Event "VI Festival A"]
[Site "Montecatini Terme ITA"]
[Date "1997.08.08"]
[Round "8"]
[White "Contin, Daniel"]
[Black "Godena, Michele"]
[Result "0-1"]
[WhiteElo "2325"]
[BlackElo "2515"]
[PlyCount "78"]
[EventDate "1997.08.01"]

1.c4 Nf6 2.Nc3 e5 3.Nf3 Nc6 4.g3 Bc5 5.Nxe5 Bxf2+ 6.Kxf2 Nxe5 7.e4 c5 8.d3
O-O 9.h3 d6 10.Kg2 Bd7 11.Bf4 Bc6 12.Be2 Ne8 13.Qd2 Nc7 14.b4 cxb4 15.Nd5 
a5 16.a3 bxa3 17.Rxa3 b5 18.Rha1 a4 19.cxb5 Nxb5 20.Rxa4 Rxa4 21.Rxa4 Nc7 
22.Ra5 Ne6 23.Be3 h6 24.Ra7 Re8 25.Qc3 Bxd5 26.exd5 Ng5 27.d4 Ng6 28.Bb5 
Qb6 29.Bxe8 Qxa7 30.Bxg5 hxg5 31.Kf3 Ne7 32.Bc6 Nf5 33.Ke4 Qe7+ 34.Kf3 Qa7
35.Ke4 g6 36.Qd2 Nxg3+ 37.Kf3 Qa3+ 38.Kg2 Ne4 39.Qe1 Qd3 0-1

[Event "VI Festival A"]
[Site "Montecatini Terme ITA"]
[Date "1997.08.08"]
[Round "8"]
[White "Efimov, Igor"]
[Black "Badea, Bela"]
[Result "1-0"]
[WhiteElo "2540"]
[BlackElo "2525"]
[PlyCount "99"]
[EventDate "1997.08.01"]

1.d4 g6 2.e4 d6 3.Nf3 Bg7 4.Bd3 e5 5.c3 Ne7 6.h3 O-O 7.O-O Nd7 8.Nbd2 h6 
9.Re1 Kh8 10.Nc4 Nc6 11.a4 a5 12.dxe5 Ncxe5 13.Nfxe5 Nxe5 14.Nxe5 dxe5 15.
Bc4 Qe7 16.Be3 b6 17.Bd5 Rb8 18.Qc1 Kh7 19.b4 f5 20.exf5 Bxf5 21.b5 Qh4 
22.Ra2 Rfd8 23.c4 Bf8 24.Rae2 Bd3 25.Rd2 Bf5 26.Red1 Bb4 27.Re2 Rd7 28.Bd2
Bc5 29.Be3 Bb4 30.Bd2 Bc5 31.Bc3 Re8 32.Qb2 e4 33.Bd4 Bd6 34.Qc3 Rf8 35.
Be5 Bc5 36.Bd4 Bd6 37.Be5 Bc5 38.Qg3 Qe7 39.Rde1 Bb4 40.Rf1 Re8 41.Bd4 Bd6
42.Qe3 Qh4 43.Bc6 Bf4 44.Bf6 g5 45.Bxd7 Bxd7 46.Qd4 Bf5 47.Qd5 Kg6 48.Bb2 
Bxh3 49.Rxe4 Rf8 50.gxh3 1-0

[Event "VI Festival A"]
[Site "Montecatini Terme ITA"]
[Date "1997.08.08"]
[Round "8"]
[White "Zelcic, Robert"]
[Black "Gleizerov, Evgeny"]
[Result "1-0"]
[WhiteElo "2530"]
[BlackElo "2560"]
[PlyCount "91"]
[EventDate "1997.08.01"]

1.e4 e6 2.d4 d5 3.Nc3 Nf6 4.e5 Nfd7 5.f4 c5 6.Nf3 Qb6 7.Na4 Qc6 8.Nxc5 
Nxc5 9.dxc5 Bxc5 10.Bd3 Qb6 11.c3 a5 12.Qb3 Nc6 13.Qxb6 Bxb6 14.Ke2 Bc5 
15.Bd2 b6 16.Rhb1 Ba6 17.Bxa6 Rxa6 18.a4 Kd7 19.Kd3 Ra7 20.b4 axb4 21.cxb4
Be7 22.Kc2 Rc8 23.Kb3 Rac7 24.Rc1 f6 25.h4 h5 26.Rc2 fxe5 27.fxe5 Nd8 28.
Rxc7+ Rxc7 29.Bg5 Rc4 30.Bxe7 Kxe7 31.a5 Nc6 32.a6 Rxb4+ 33.Kc3 Rc4+ 34.
Kd3 Na7 35.Rf1 Nc6 36.Ra1 Na7 37.Ng5 Rf4 38.Rc1 Kd7 39.Rc7+ Kxc7 40.Nxe6+ 
Kd7 41.Nxf4 Nc6 42.Nxd5 Nxe5+ 43.Ke4 Nc6 44.Nxb6+ Kc7 45.Nd5+ Kd6 46.Nf4 
1-0

[Event "VI Festival A"]
[Site "Montecatini Terme ITA"]
[Date "1997.08.09"]
[Round "9"]
[White "Greenfeld, Alon"]
[Black "Solozhenkin, Evgeniy"]
[Result "1-0"]
[WhiteElo "2540"]
[BlackElo "2485"]
[PlyCount "73"]
[EventDate "1997.08.01"]

1.d4 Nf6 2.c4 e6 3.Nf3 b6 4.Nc3 Bb4 5.Qb3 c5 6.Bg5 Nc6 7.d5 Na5 8.Qc2 d6 
9.a3 Bxc3+ 10.Qxc3 e5 11.Nd2 h6 12.Bh4 g5 13.Bg3 Qe7 14.h4 Rg8 15.hxg5 
hxg5 16.e4 Bd7 17.f3 O-O-O 18.b4 Nb7 19.a4 Rh8 20.Rxh8 Rxh8 21.a5 cxb4 22.
Qxb4 bxa5 23.Rxa5 Nxa5 24.Qxa5 Kb8 25.c5 Rc8 26.c6 Bxc6 27.dxc6 Rxc6 28.
Nc4 Qc7 29.Qb5+ Ka8 30.Bf2 g4 31.Be3 gxf3 32.gxf3 Nd7 33.Na5 Rc3 34.Bc4 
Nf6 35.Bd2 Ra3 36.Bd5+ Nxd5 37.Qe8+ 1-0

[Event "Torneo"]
[Site "Castel Volturno ITA"]
[Date "1997.07.??"]
[Round "?"]
[White "Iatrino, Vincenzo"]
[Black "Saccone, Fabio"]
[Result "0-1"]
[WhiteElo "1767"]
[BlackElo "2295"]
[PlyCount "96"]
[EventDate "1997.07.20"]

1. e4 c5 2. Nf3 d6 3. d4 cxd4 4. Nxd4 Nf6 5. Nc3 a6 6. Bg5 Nbd7 7. Qd2 e6 8.
Be2 Qc7 9. f4 b5 10. a3 Bb7 11. Bf3 Be7 12. O-O h6 13. Bxf6 Bxf6 14. Kh1 O-O
15. Rad1 Rfd8 16. Nde2 Nb6 17. Qd3 Rac8 18. Rb1 Nc4 19. Nd1 e5 20. Bg4 Rb8 21.
Ndc3 exf4 22. Rxf4 Bg5 23. Rf2 Qb6 24. Qg3 Nd2 25. Rd1 Be3 26. Rf5 Nxe4 27.
Nxe4 Bxe4 28. Rff1 Bxc2 29. Rd5 Be4 30. Rh5 Bg6 31. Rh3 Bg5 32. Nf4 Bxf4 33.
Qxf4 d5 34. Rg3 Rd6 35. Qe5 Rbd8 36. Rgf3 d4 37. h4 f6 38. Qg3 d3 39. Bf5 Bxf5
40. Rxf5 d2 41. Rd1 Qc6 42. Qb3+ Qc4 43. Qxc4+ bxc4 44. Rf4 Re6 45. Rff1 Re2
46. Kg1 Rd3 47. Kh2 Rb3 48. Rb1 c3 0-1

[Event "Torneo"]
[Site "Castel Volturno ITA"]
[Date "1997.07.??"]
[Round "?"]
[White "Ortega, Lexy"]
[Black "Saccone, Fabio"]
[Result "1-0"]
[WhiteElo "2470"]
[BlackElo "2295"]
[PlyCount "35"]
[EventDate "1997.07.20"]

1. d4 f5 2. Nc3 Nf6 3. Bg5 e6 4. e4 fxe4 5. Nxe4 Be7 6. Bxf6 Bxf6 7. Nf3 O-O 8.
Bd3 Nc6 9. c3 b6 10. Qc2 h6 11. h4 Bb7 12. Neg5 Ne7 13. Ba6 hxg5 14. Bxb7 Rb8
15. hxg5 Nf5 16. gxf6 Rxb7 17. fxg7 Kxg7 18. Qe4 1-0

[Event "V C.to Italiano U20"]
[Site "Laveno-Mombello ITA"]
[Date "1997.07.19"]
[Round "1"]
[White "Aldrovandi, Costantino"]
[Black "Noseda, Francesco"]
[Result "1-0"]
[WhiteElo "2250"]
[BlackElo "1636"]
[PlyCount "137"]
[EventDate "1997.07.19"]

1. e4 e5 2. Nf3 Nc6 3. Bb5 a6 4. Bxc6 dxc6 5. O-O f6 6. d4 exd4 7. Nxd4 Bd6 8.
Be3 Ne7 9. Nd2 O-O 10. c3 Qd7 11. f3 c5 12. N4b3 b6 13. Nc4 Qe6 14. Nbd2 Bb7
15. Re1 Rad8 16. Qc2 Nc6 17. a4 Ne5 18. Nxe5 Bxe5 19. Qb3 Qxb3 20. Nxb3 Rd7 21.
Nd2 Rfd8 22. Nc4 a5 23. Nxe5 fxe5 24. Bg5 Rf8 25. Red1 Rff7 26. b3 Bc6 27. c4
h6 28. Be3 Rxd1+ 29. Rxd1 Rd7 30. Rb1 Kf7 31. Kf2 Ke6 32. Ke2 Kf6 33. Bd2 Ke6
34. Rg1 Rf7 35. Ke3 Kd6 36. Bc3 Bb7 37. Rd1+ Ke6 38. Rd8 Re7 39. Bb2 Bc6 40.
Ba1 Bb7 41. Bc3 Bc6 42. Rf8 Be8 43. Rf5 Kd6 44. Rf8 Bc6 45. Rd8+ Ke6 46. g3 Kf7
47. h4 Bb7 48. g4 Bc6 49. Rd1 Bb7 50. Ke2 Bc6 51. Rg1 Re6 52. g5 Bb7 53. h5 Bc6
54. g6+ Ke8 55. Rd1 Re7 56. Be1 Rd7 57. Rxd7 Kxd7 58. Bh4 Bb7 59. Bf6 Ke6 60.
Bxg7 Bc8 61. Bxh6 Kf6 62. Bd2 Bd7 63. Bc3 Kg5 64. Bxe5 c6 65. f4+ Kxh5 66. f5
Kh6 67. Bc7 b5 68. Bxa5 bxc4 69. bxc4 1-0

[Event "V C.to Italiano U20"]
[Site "Laveno-Mombello ITA"]
[Date "1997.07.19"]
[Round "1"]
[White "Aranovitch, Emiliano"]
[Black "Pavanello, Diego"]
[Result "1-0"]
[WhiteElo "2120"]
[BlackElo "1600"]
[PlyCount "105"]
[EventDate "1997.07.19"]

1. e4 c6 2. Nc3 d5 3. Nf3 dxe4 4. Nxe4 Bf5 5. Ng3 Bg6 6. h4 h6 7. Ne5 Bh7 8.
Qh5 g6 9. Qf3 Nf6 10. Bc4 e6 11. b3 Bg7 12. Bb2 O-O 13. a4 Nbd7 14. Nxd7 Nxd7
15. Bxg7 Kxg7 16. a5 Qf6 17. Qxf6+ Nxf6 18. O-O g5 19. hxg5 hxg5 20. d3 b5 21.
axb6 axb6 22. b4 b5 23. Bb3 Nd5 24. Bxd5 cxd5 25. Rfb1 Rfc8 26. Rxa8 Rxa8 27.
Rb2 e5 28. f3 Kf6 29. Kf2 Ke6 30. Ne2 d4 31. Nc1 f6 32. Nb3 Kd6 33. Nc1 Bg8 34.
Ne2 Ra2 35. Rxa2 Bxa2 36. Ke1 Bf7 37. Kd2 Be6 38. Ng3 Bd5 39. Ne2 Bf7 40. c3
Bd5 41. cxd4 exd4 42. Nxd4 Bc6 43. Nxc6 Kxc6 44. g4 Kd5 45. Kc3 Ke6 46. d4 Kd5
47. Kd3 Kd6 48. Ke4 Ke6 49. d5+ Kd6 50. Kd4 Kd7 51. Kc5 Ke7 52. Kxb5 Kd6 53.
Kc4 1-0

[Event "V C.to Italiano U20"]
[Site "Laveno-Mombello ITA"]
[Date "1997.07.19"]
[Round "1"]
[White "Bottino, Alexiei"]
[Black "Punteri, Marco"]
[Result "1/2-1/2"]
[WhiteElo "1714"]
[BlackElo "1798"]
[PlyCount "37"]
[EventDate "1997.07.19"]

1. e4 g6 2. Nf3 Bg7 3. g3 c5 4. d3 Nc6 5. c3 e6 6. Bg2 Nge7 7. O-O O-O 8. Re1
Rb8 9. Nbd2 b5 10. Nf1 b4 11. Qc2 bxc3 12. bxc3 Nb4 13. cxb4 Bxa1 14. Bf4 e5
15. Bh6 Bd4 16. Nxd4 cxd4 17. Bxf8 Qxf8 18. a3 Nc6 19. Qc4 1/2-1/2

[Event "V C.to Italiano U20"]
[Site "Laveno-Mombello ITA"]
[Date "1997.07.19"]
[Round "1"]
[White "Delfino, Luigi"]
[Black "Coratella, Giuseppe"]
[Result "1/2-1/2"]
[WhiteElo "1717"]
[BlackElo "1726"]
[PlyCount "42"]
[EventDate "1997.07.19"]

1. e4 e6 2. d4 d5 3. exd5 exd5 4. Bd3 Bd6 5. Ne2 Nf6 6. Bf4 Bg4 7. Bxd6 Qxd6 8.
O-O O-O 9. Nbc3 Nc6 10. Qd2 Rfe8 11. Rfe1 Re7 12. Nb5 Qd7 13. c3 Rae8 14. Ng3
a6 15. Na3 Nh5 16. Nxh5 Bxh5 17. Nc2 Bg6 18. Bxg6 hxg6 19. Rxe7 Nxe7 20. Re1
Nf5 21. Rxe8+ Qxe8 1/2-1/2

[Event "V C.to Italiano U20"]
[Site "Laveno-Mombello ITA"]
[Date "1997.07.19"]
[Round "1"]
[White "Drabke, Lorenz Maximilian"]
[Black "Cacco, Christian"]
[Result "1/2-1/2"]
[WhiteElo "1681"]
[BlackElo "2175"]
[PlyCount "127"]
[EventDate "1997.07.19"]

1. e4 e5 2. Nf3 Nc6 3. Bc4 Bc5 4. c3 Nf6 5. d4 exd4 6. cxd4 Bb4+ 7. Bd2 Bxd2+
8. Nbxd2 d5 9. exd5 Nxd5 10. Qb3 Nce7 11. O-O O-O 12. Rfe1 c6 13. Ne5 Qc7 14.
Rac1 Be6 15. Ne4 Nf4 16. Bxe6 Nxe6 17. Nxf7 Nd5 18. Nfg5 Nxg5 19. Nxg5 Qf4 20.
Nf3 Rf7 21. Rc2 Qf5 22. Rce2 h6 23. Ne5 Re7 24. Qf3 Qxf3 25. Nxf3 Rae8 26. Rxe7
Rxe7 27. Ne5 Nb4 28. a3 Nc2 29. Rd1 Nxd4 30. Rxd4 Rxe5 31. Kf1 Rc5 32. Ke2 b5
33. Kd2 a5 34. Kd3 a4 35. Rf4 Rc1 36. Kd2 Rb1 37. Kc2 Rg1 38. g3 Rg2 39. h4 Rg1
40. Kd2 Rf1 41. Kc2 h5 42. Kd2 Kh7 43. Kc2 Kg6 44. Kd2 Rb1 45. Kc2 Re1 46. Kd2
Re5 47. Kd3 Rd5+ 48. Rd4 Rc5 49. Rf4 Re5 50. Re4 Kf5 51. Rf4+ Ke6 52. f3 c5 53.
Kd2 Rf5 54. Rxf5 Kxf5 55. Kd3 Ke5 56. Ke3 Kd5 57. Kd3 b4 58. g4 c4+ 59. Kc2
bxa3 60. bxa3 Kd4 61. gxh5 Ke3 62. Kc3 Kxf3 63. Kxc4 Kg4 64. Kb4 1/2-1/2

[Event "V C.to Italiano U20"]
[Site "Laveno-Mombello ITA"]
[Date "1997.07.19"]
[Round "1"]
[White "Gandolfi, Valerio"]
[Black "Genocchio, Daniele"]
[Result "0-1"]
[WhiteElo "1525"]
[BlackElo "2215"]
[PlyCount "70"]
[EventDate "1997.07.19"]

1. e4 c5 2. Nf3 Nc6 3. d4 cxd4 4. Nxd4 Nf6 5. Nc3 e5 6. Nb3 d6 7. Be2 Be7 8.
O-O O-O 9. Be3 a6 10. f3 b5 11. Qe1 Be6 12. Qf2 Nb4 13. Rfc1 Qd7 14. Nd2 d5 15.
exd5 Nbxd5 16. Nxd5 Nxd5 17. Ne4 Nxe3 18. Qxe3 Rac8 19. Kh1 h6 20. Rd1 Qc7 21.
Bd3 f5 22. Nf2 Bc5 23. Qe2 Rce8 24. a4 e4 25. fxe4 Bxf2 26. Qxf2 fxe4 27. Qd2
exd3 28. Qxd3 Qc6 29. axb5 axb5 30. Ra7 Qb6 31. Rda1 Rd8 32. Qe2 Bc4 33. Rxg7+
Kxg7 34. Qg4+ Qg6 35. Ra7+ Kh8 0-1

[Event "V C.to Italiano U20"]
[Site "Laveno-Mombello ITA"]
[Date "1997.07.19"]
[Round "1"]
[White "Goi, Veronika"]
[Black "Barbiso, Tiziana"]
[Result "1/2-1/2"]
[WhiteElo "1624"]
[BlackElo "1717"]
[PlyCount "91"]
[EventDate "1997.07.19"]

1. e4 e6 2. c4 d5 3. cxd5 exd5 4. exd5 Qxd5 5. Nc3 Qd7 6. Nf3 Nf6 7. Bc4 Bd6 8.
O-O O-O 9. Re1 c6 10. d4 Qc7 11. Ne5 Nbd7 12. Bf4 Nb6 13. Bb3 Bf5 14. Rc1 Qd8
15. Qf3 Bg6 16. Nxg6 hxg6 17. Bg5 Be7 18. Rcd1 Qc7 19. Bf4 Bd6 20. Be5 Nbd7 21.
Qg3 Ne8 22. Bxd6 Nxd6 23. Ne4 Ne8 24. Qxg6 Nef6 25. Nxf6+ Nxf6 26. Qc2 Qf4 27.
Qd2 Qd6 28. h3 Rad8 29. Qa5 a6 30. Qc5 Qxc5 31. dxc5 Rxd1 32. Rxd1 Re8 33. Bc4
Kf8 34. f3 Re5 35. b4 a5 36. a3 Re3 37. Rd3 Rxd3 38. Bxd3 axb4 39. axb4 Nd5 40.
b5 cxb5 41. Bxb5 Nc7 42. Bc4 Ke7 43. Kf2 Ne6 44. Ke3 Nxc5 45. Bd5 b6 46. Kd4
1/2-1/2

[Event "V C.to Italiano U20"]
[Site "Laveno-Mombello ITA"]
[Date "1997.07.19"]
[Round "1"]
[White "Pagnoncelli, Marco"]
[Black "Puliafito, Alberto"]
[Result "1-0"]
[WhiteElo "2090"]
[BlackElo "1531"]
[PlyCount "117"]
[EventDate "1997.07.19"]

1. e4 c6 2. d4 d5 3. e5 Bf5 4. h4 h6 5. Bd3 Bxd3 6. Qxd3 e6 7. Nf3 Ne7 8. Nbd2
Ng6 9. Nb3 Nd7 10. h5 Ne7 11. O-O Qc7 12. Re1 c5 13. dxc5 Nxc5 14. Nxc5 Qxc5
15. Nd4 a6 16. Bd2 Nc6 17. Nb3 Qb6 18. Re3 a5 19. a4 Rc8 20. Qb5 Qxb5 21. axb5
Nb4 22. Rc3 Rxc3 23. bxc3 Nxc2 24. Rxa5 Kd7 25. Ra7 Kc7 26. Bc1 Kb6 27. Ra2 Ne1
28. Rd2 Nxg2 29. Kxg2 Kxb5 30. Ra2 Be7 31. Ra7 Re8 32. Rxb7+ Kc4 33. Bd2 f6 34.
exf6 Bxf6 35. Nc1 Re7 36. Rb4+ Kc5 37. Nd3+ Kc6 38. Ra4 Kb5 39. Rg4 Rc7 40.
Rb4+ Ka6 41. Nf4 Rc6 42. Rb8 Bg5 43. Re8 Kb5 44. Kf3 Kc4 45. Be3 Kxc3 46. Rxe6
Rxe6 47. Nxe6 Bf6 48. Kg4 d4 49. Bxd4+ Bxd4 50. Nxd4 Kxd4 51. Kf5 Kd5 52. Kg6
Ke6 53. Kxg7 Ke7 54. Kxh6 Kf6 55. f4 Kf7 56. Kg5 Kg7 57. Kf5 Kh7 58. Kf6 Kg8
59. Ke7 1-0

[Event "V C.to Italiano U20"]
[Site "Laveno-Mombello ITA"]
[Date "1997.07.19"]
[Round "1"]
[White "Perrone, Giorgio"]
[Black "Ferreri, Giuseppe"]
[Result "1-0"]
[WhiteElo "1609"]
[BlackElo "1600"]
[PlyCount "129"]
[EventDate "1997.07.19"]

1. c4 d6 2. g3 e5 3. Bg2 f5 4. d3 Nf6 5. Nc3 c6 6. e3 Be7 7. Nge2 Be6 8. O-O
Nbd7 9. f4 O-O 10. b3 Qc7 11. Ba3 Rae8 12. e4 Ng4 13. Qd2 Qb6+ 14. d4 a6 15. h3
Nh6 16. Kh2 Qc7 17. d5 Bf7 18. Rad1 c5 19. Bb2 Bg6 20. exf5 Nxf5 21. g4 Nh4 22.
f5 Bf7 23. Be4 Qd8 24. Bc1 h6 25. Bc2 Bg5 26. Qd3 Bxc1 27. Rxc1 g5 28. Ng1 Nf6
29. Rce1 Kg7 30. Nf3 Nxf3+ 31. Qxf3 Rh8 32. Rg1 Reg8 33. Ne4 Nxe4 34. Bxe4 Kf6
35. a3 Qa5 36. Ra1 Rb8 37. Rgb1 Qd2+ 38. Kh1 Rhc8 39. Bd3 Be8 40. Rd1 Qf4 41.
Kg2 Qxf3+ 42. Kxf3 Bd7 43. Rh1 a5 44. h4 Rh8 45. Rh2 Rbf8 46. Rah1 Be8 47. b4
axb4 48. axb4 b6 49. Rb2 Rf7 50. hxg5+ Kxg5 51. Rh5+ Kf6 52. Rbh2 e4+ 53. Bxe4
Ke5 54. Rxh6 Rxh6 55. Rxh6 cxb4 56. Re6+ Kd4 57. Rxe8 Kxc4 58. Rc8+ Kd4 59. Re8
b3 60. g5 Rc7 61. g6 Rc3+ 62. Kf4 b2 63. g7 Rd3 64. Bxd3 Kxd3 65. Re1 1-0

[Event "V C.to Italiano U20"]
[Site "Laveno-Mombello ITA"]
[Date "1997.07.19"]
[Round "1"]
[White "Riccio, Eros"]
[Black "Trentini, Danilo"]
[Result "1-0"]
[WhiteElo "1735"]
[BlackElo "1831"]
[PlyCount "49"]
[EventDate "1997.07.19"]

1. e4 c6 2. d4 d5 3. Nd2 dxe4 4. Nxe4 Nd7 5. Nf3 Ngf6 6. Neg5 e6 7. Bc4 Bd6 8.
Qe2 Nb6 9. Bd3 h6 10. Ne4 Nxe4 11. Qxe4 Nd5 12. c3 Qc7 13. Ne5 Nf6 14. Qe2 O-O
15. O-O c5 16. Re1 cxd4 17. cxd4 b6 18. Bd2 Bb7 19. Rac1 Qb8 20. Bb5 a6 21. Bc6
Rc8 22. Qf3 Bxc6 23. Rxc6 Rxc6 24. Qxc6 Qc7 25. Qxa8+ 1-0

[Event "V C.to Italiano U20"]
[Site "Laveno-Mombello ITA"]
[Date "1997.07.19"]
[Round "1"]
[White "Scagliarini, Valentina"]
[Black "Lapiccirella, Mattia"]
[Result "0-1"]
[WhiteElo "1642"]
[BlackElo "1930"]
[PlyCount "56"]
[EventDate "1997.07.19"]

1. e4 c5 2. Nf3 d6 3. d4 cxd4 4. Nxd4 Nf6 5. Nc3 a6 6. f3 e6 7. Be3 Be7 8. Qd2
Nc6 9. O-O-O Qc7 10. g4 Nd7 11. f4 O-O 12. h4 b5 13. Bg2 b4 14. Nxc6 Qxc6 15.
Ne2 Qa4 16. Kb1 Bb7 17. Ng3 Nc5 18. Qf2 Rfd8 19. f5 Rac8 20. g5 Qe8 21. f6 Bf8
22. fxg7 Bxg7 23. h5 Na4 24. Bd4 Bxd4 25. Qxd4 Nc3+ 26. bxc3 bxc3 27. Kc1 Qb5
28. Rdf1 Qxg5+ 0-1

[Event "V C.to Italiano U20"]
[Site "Laveno-Mombello ITA"]
[Date "1997.07.19"]
[Round "1"]
[White "Sgnaolin, Davide"]
[Black "Arnetta, Marianna"]
[Result "1/2-1/2"]
[WhiteElo "2055"]
[BlackElo "1642"]
[PlyCount "100"]
[EventDate "1997.07.19"]

1. e4 e6 2. d4 d5 3. Nc3 dxe4 4. Nxe4 Nf6 5. Bg5 Be7 6. Bxf6 Bxf6 7. Nf3 Nc6 8.
Bb5 Bd7 9. O-O O-O 10. c3 a6 11. Bd3 Na7 12. Nxf6+ Qxf6 13. Ne5 Rad8 14. Qh5 g6
15. Qh6 Bb5 16. Bxb5 Nxb5 17. f4 Rfe8 18. g4 Nd6 19. Rae1 Qg7 20. Qh4 f6 21.
Nd3 b6 22. Re2 a5 23. Rfe1 Qf7 24. Qf2 Rd7 25. Qf3 Rde7 26. Qc6 Qg7 27. b3 Kf8
28. Kf1 Qf7 29. c4 Nc8 30. c5 Na7 31. Qb7 Nc8 32. Qe4 Na7 33. cxb6 cxb6 34. a4
Nc8 35. Rc1 Nd6 36. Qf3 Rc8 37. Rec2 Rec7 38. Qe2 Rxc2 39. Rxc2 Rxc2 40. Qxc2
Qd7 41. Nb2 Nf7 42. Qc4 Ke7 43. Kg1 e5 44. fxe5 Qxg4+ 45. Kf2 Qf4+ 46. Ke1 Qe3+
47. Kf1 fxe5 48. d5 Qf3+ 49. Kg1 Qe3+ 50. Kf1 Qf3+ 1/2-1/2

[Event "V C.to Italiano U20"]
[Site "Laveno-Mombello ITA"]
[Date "1997.07.19"]
[Round "1"]
[White "Tomba, Ivan"]
[Black "De Bortoli, Peter"]
[Result "0-1"]
[WhiteElo "1705"]
[BlackElo "2085"]
[PlyCount "62"]
[EventDate "1997.07.19"]

1. e4 c5 2. Nf3 d6 3. d4 cxd4 4. Nxd4 Nf6 5. Nc3 a6 6. a4 e5 7. Nf3 Be7 8. Bg5
Be6 9. Be2 O-O 10. O-O Nbd7 11. Nd2 Rc8 12. f4 exf4 13. Bxf4 Qb6+ 14. Kh1 Qxb2
15. Nd5 Nxd5 16. exd5 Bxd5 17. Bd3 Ne5 18. Rb1 Qd4 19. Bxe5 dxe5 20. Nf3 Bxf3
21. Qxf3 b6 22. Qe2 a5 23. c4 Rcd8 24. Rfd1 Qh4 25. g3 Qf6 26. Qe4 g6 27. Re1
Rd4 28. Qe2 Bb4 29. Rf1 Qc6+ 30. Kg1 Bc5 31. Rf2 Rd6 0-1

[Event "V C.to Italiano U20"]
[Site "Laveno-Mombello ITA"]
[Date "1997.07.20"]
[Round "2"]
[White "Arnetta, Marianna"]
[Black "Bottino, Alexiei"]
[Result "1/2-1/2"]
[WhiteElo "1642"]
[BlackElo "1714"]
[PlyCount "39"]
[EventDate "1997.07.19"]

1. Nf3 Nf6 2. g3 g6 3. Bg2 Bg7 4. d3 O-O 5. e4 d6 6. O-O Nbd7 7. Nbd2 b6 8. Re1
Bb7 9. Nc4 Re8 10. c3 e5 11. h3 Nc5 12. b4 Ne6 13. Ng5 Nf8 14. Qb3 Qe7 15. Bb2
h6 16. Nf3 Qd7 17. Re2 Re7 18. Rae1 Rae8 19. Bc1 a6 20. a4 1/2-1/2

[Event "V C.to Italiano U20"]
[Site "Laveno-Mombello ITA"]
[Date "1997.07.20"]
[Round "2"]
[White "Barbiso, Tiziana"]
[Black "Drabke, Lorenz Maximilian"]
[Result "1-0"]
[WhiteElo "1717"]
[BlackElo "1681"]
[PlyCount "151"]
[EventDate "1997.07.19"]

1. e4 c5 2. c3 d5 3. d3 Nc6 4. g3 Nf6 5. Nd2 e5 6. Ngf3 Be7 7. Bg2 O-O 8. Qe2
d4 9. c4 Ne8 10. O-O Be6 11. Ne1 Qd7 12. f4 f6 13. f5 Bf7 14. Ndf3 Nd6 15. g4
Rfc8 16. h4 Kf8 17. g5 Ke8 18. Kf2 Kd8 19. Rh1 Kc7 20. Nc2 Rg8 21. Bh3 Qe8 22.
Bd2 Rd8 23. b3 Bf8 24. Rag1 Be7 25. Ke1 b6 26. Bg4 Rb8 27. b4 cxb4 28. Nxb4
Nxb4 29. Bxb4 Nb7 30. Bd2 Nc5 31. Kf2 Bd6 32. Bh3 Qa4 33. Ra1 Bh5 34. Rhg1 Qc2
35. Bf1 Qa4 36. Bh3 Be7 37. Rgb1 Rgf8 38. Kg3 Rg8 39. Bg4 Bxg4 40. Kxg4 Bd6 41.
Ne1 Be7 42. Qd1 Qd7 43. Kg3 Qd8 44. Qh5 fxg5 45. hxg5 Rh8 46. Qg4 Qd7 47. Bb4
Na6 48. Bd2 Rbg8 49. Nf3 Nc5 50. Ne1 Rf8 51. Bb4 Nb7 52. a3 Bc5 53. Nf3 Qe7 54.
Rb3 Nd8 55. Bxc5 Qxc5 56. Rb5 Qd6 57. Rd5 Nc6 58. Rxd6 Kxd6 59. Rb1 Rc8 60. Rb5
Rhe8 61. Nxe5 Rxe5 62. Qf4 Rce8 63. Rd5+ Kc7 64. f6 gxf6 65. gxf6 Kc8 66. Rxe5
Nxe5 67. f7 Nxf7 68. Qxf7 Kd8 69. Qxh7 Re7 70. Qg8+ Kc7 71. Qd5 Rd7 72. Qf5 Kb7
73. Qxd7+ Ka6 74. Qxd4 Ka5 75. c5 b5 76. c6 1-0

[Event "V C.to Italiano U20"]
[Site "Laveno-Mombello ITA"]
[Date "1997.07.20"]
[Round "2"]
[White "Cacco, Christian"]
[Black "Sgnaolin, Davide"]
[Result "1-0"]
[WhiteElo "2175"]
[BlackElo "2055"]
[PlyCount "127"]
[EventDate "1997.07.19"]

1. d4 d5 2. Nf3 Nf6 3. c4 e6 4. Bg5 Be7 5. Nc3 O-O 6. e3 b6 7. cxd5 exd5 8. Be2
Bb7 9. O-O Nbd7 10. Rc1 c6 11. Bd3 Re8 12. Ne2 h6 13. Bh4 Ne4 14. Bxe7 Qxe7 15.
a3 c5 16. Bb5 Rac8 17. Qa4 Rc7 18. b4 c4 19. Nf4 Rd8 20. Bxd7 Rcxd7 21. b5 Rd6
22. Qb4 Qd7 23. Ne5 Qf5 24. f3 Nf6 25. g4 Qc8 26. h4 Nh7 27. Kf2 Qc7 28. Rg1 f6
29. Neg6 Nf8 30. Nxf8 Rxf8 31. g5 fxg5 32. hxg5 Bc8 33. Rg2 h5 34. Nxh5 Re6 35.
Nf6+ Rexf6 36. gxf6 Rxf6 37. Rcg1 Rf7 38. Ke2 Bf5 39. Kd2 Bd3 40. Qb2 Qd7 41.
Kc3 Qe7 42. Qc1 Kf8 43. Rg3 Qf6 44. Qb2 Qe7 45. Qb4 Qxb4+ 46. Kxb4 Be2 47. f4
Bd3 48. Rg5 Bf5 49. Rh1 g6 50. Rh8+ Ke7 51. Rb8 Kd6 52. Re8 Rh7 53. Rd8+ Ke6
54. e4 dxe4 55. Kxc4 Rh2 56. d5+ Ke7 57. Ra8 Rc2+ 58. Kd4 Rd2+ 59. Ke5 e3 60.
Rxa7+ Ke8 61. Kd6 e2 62. Re7+ Kd8 63. Rg3 Ra2 64. Rge3 1-0

[Event "V C.to Italiano U20"]
[Site "Laveno-Mombello ITA"]
[Date "1997.07.20"]
[Round "2"]
[White "Coratella, Giuseppe"]
[Black "Goi, Veronika"]
[Result "1-0"]
[WhiteElo "1726"]
[BlackElo "1624"]
[PlyCount "43"]
[EventDate "1997.07.19"]

1. e4 e5 2. Nf3 Nc6 3. d4 exd4 4. Nxd4 Bc5 5. Be3 Qf6 6. c3 Nge7 7. Bc4 Ne5 8.
Be2 N7g6 9. Nd2 c6 10. O-O d6 11. f4 Nd7 12. Qc2 O-O 13. Rfe1 Re8 14. Nc4 Ndf8
15. b4 Bb6 16. Nxb6 axb6 17. Nb3 c5 18. Red1 Be6 19. f5 Bxb3 20. axb3 Ne5 21.
Qd2 Rad8 22. Bg5 1-0

[Event "V C.to Italiano U20"]
[Site "Laveno-Mombello ITA"]
[Date "1997.07.20"]
[Round "2"]
[White "De Bortoli, Peter"]
[Black "Aldrovandi, Costantino"]
[Result "1-0"]
[WhiteElo "2085"]
[BlackElo "2250"]
[PlyCount "71"]
[EventDate "1997.07.19"]

1. e4 c5 2. Nf3 e6 3. Nc3 d6 4. d4 cxd4 5. Nxd4 Nf6 6. Bc4 a6 7. O-O Be7 8. f4
Qc7 9. Bb3 Nc6 10. Kh1 O-O 11. f5 Nxd4 12. Qxd4 Ng4 13. fxe6 Bxe6 14. Nd5 Bxd5
15. Qxd5 Ne5 16. Bf4 Bf6 17. Rad1 Rad8 18. c3 Rd7 19. Rd2 Rfd8 20. h3 Ng6 21.
Be3 Re7 22. Bd4 Be5 23. Rdf2 Rdd7 24. a4 Qc6 25. Qa5 Bxd4 26. cxd4 Qxe4 27. Qc3
d5 28. Bc2 Qe3 29. Qc5 Nf8 30. Bf5 Ne6 31. Bxe6 Qxe6 32. Rxf7 h6 33. Qc8+ Kh7
34. Rf8 Kg6 35. R1f4 Qd6 36. Qc2+ 1-0

[Event "V C.to Italiano U20"]
[Site "Laveno-Mombello ITA"]
[Date "1997.07.20"]
[Round "2"]
[White "Delfino, Luigi"]
[Black "Riccio, Eros"]
[Result "0-1"]
[WhiteElo "1717"]
[BlackElo "1735"]
[PlyCount "56"]
[EventDate "1997.07.19"]

1. d4 d5 2. c4 e6 3. Nc3 Nf6 4. Nf3 c6 5. Bg5 Be7 6. e3 Nbd7 7. Bd3 dxc4 8.
Bxc4 b5 9. Bd3 O-O 10. O-O Bb7 11. e4 b4 12. Ne2 c5 13. Ng3 cxd4 14. Nxd4 Nc5
15. e5 Qd5 16. Nf3 Qxd3 17. Qxd3 Nxd3 18. exf6 Bxf6 19. Bxf6 gxf6 20. b3 Nf4
21. Rfd1 Rfd8 22. Kf1 Ba6+ 23. Kg1 Ne2+ 24. Nxe2 Bxe2 25. Rdc1 Bxf3 26. gxf3
Rac8 27. Rc4 Rxc4 28. bxc4 Rd2 0-1

[Event "V C.to Italiano U20"]
[Site "Laveno-Mombello ITA"]
[Date "1997.07.20"]
[Round "2"]
[White "Ferreri, Giuseppe"]
[Black "Puliafito, Alberto"]
[Result "0-1"]
[WhiteElo "1600"]
[BlackElo "1531"]
[PlyCount "58"]
[EventDate "1997.07.19"]

1. e4 c6 2. c3 d5 3. d3 e6 4. exd5 cxd5 5. Nf3 Nc6 6. d4 Qc7 7. Bd3 Bd6 8. Be3
Nf6 9. Nbd2 O-O 10. Qc2 h6 11. h3 Re8 12. O-O-O e5 13. dxe5 Bxe5 14. Rdf1 Bd6
15. Nd4 Nxd4 16. Bxd4 Qe7 17. g3 b6 18. f4 Nh5 19. Bf2 Bb7 20. Rh2 Rac8 21. Qd1
Nf6 22. Bd4 Ne4 23. Nxe4 dxe4 24. Qg4 f5 25. Qxf5 exd3 26. Qxd3 Bd5 27. Be5 Bc4
28. Bxd6 Bxd3 29. Bxe7 Bxf1 0-1